| 000 | 00484nam a22001817a 4500 | ||
|---|---|---|---|
| 003 | MPLRDC | ||
| 005 | 20220104162400.0 | ||
| 008 | 210129b ||||| |||| 00| 0 eng d | ||
| 020 | _a7-5391-3525-5 | ||
| 082 | _a947.47 TZBEX-85 | ||
| 100 | _a藤子. F. 不二雄 | ||
| 245 |
_a英汉双语精华本哆啦A梦. 1 _c |
||
| 250 | _a一版一刷 | ||
| 260 |
_a中国 _b二十一世纪出版社 _c2006 |
||
| 300 | _b平 | ||
| 650 | _a哆啦A梦漫画 | ||
| 942 |
_cBK _o947.47 TZBEX-85 |
||
| 999 |
_c55939 _d55929 |
||